000 00729nam a2200229 i 4500
001 98245
003 ES-MaACL
005 20250804062644.0
007 t|
008 050727e1971 sp ||||1| spa d
080 _a 820-311.2"19"
100 1 _aMarshall, Bruce.
_eaut
_977127
245 1 3 _aEl obispo /
_cBruce Marshall; [versión Antonio de Quadras; prólogo José Mª Gironella].
260 _aBarcelona :
_bAura,
_c1971.
300 _a292 páginas ;
_c20 cm.
655 0 _aNovelas
_9234319
700 1 _aQuadras, Antonio de
_etrl
_994476
700 1 _aGironella, José María,
_957298
_d1917-2003
_eaui
852 _aES-MaACL
_cDEPO2
_jC-39290
_bR.76588
942 _2udc
_cMONOGRAFIA
_n0
999 _c98245
_d98245